000 01022nam a22002415i 4500
001 176094
003 ES-MaACL
005 20250730233737.0
008 101216s1958 sp |||| | spa d
080 _a621.039.8
080 _a616.11-002
245 0 0 _aPericarditis seudoinfartoideas /
_cpor A. Pedro Pons.
260 _aMadrid :
_bServicio de Medicina Interna Hospital Militar "Gómez Ulla",
_c1958.
300 _a18 p. ;
_c17 cm.
490 1 _aCuadernos de medicina interna ;
_v39
500 _aTexto de la conferencia pronunciada en la Sala de Estudio del Hospital Militar Central "Gómez Ulla", de Madrid, el día 29 de noviembre de 1957, y perteneciente al Curso Monográfico número 6, sobre Patología de las coronarias.
650 0 4 _aPericardio-
_xEnfermedades.
_9144336
700 1 _aPedro Pons, A.,
_d1898-1971
_989929
710 2 _aHospital Militar Central "Gómez Ulla"
_9141700
830 0 _aCuadernos de medicina interna ;
_v39
_9183827
852 _aES-MaACL
_j2086-F-24
999 _c176094
_d176094